000 01209nam a22003377a 4500
003 CHAP
005 20220817042020.0
008 971013s1972 r 00010 d
010 _a31907
011 _a32879
035 _a36994
040 _cCHAP
082 _a338.972
_bM37
100 0 0 _aMartínez Le Clainche, Roberto.
_972202
245 _aMéxico
_b: elementos para el estudio estructural de su economía
260 _aMéxico, D.F. :
_bUNAM. Instituto de Investigaciones Económicas,
_c1972
300 _a136 p
590 _aBATCH-UPD
_b10
_c20130110
_lUCH01
_h0125
590 _aBATCH-UPD
_b10
_c20130110
_lUCH01
_h1642
590 _aBATCH-UPD
_b10
_c20130409
_lUCH01
_h2119
590 _aBATCH-UPD
_b10
_c20130410
_lUCH01
_h1033
590 _aBATCH-UPD
_b10
_c20130914
_lUCH01
_h1801
590 _aBATCH-UPD
_b10
_c20161124
_lUCH01
_h1709
590 _aCONVERSION
_b10
_c20130109
_lUCH01
_h1318
650 1 4 _aMéxico
_xCondiciones económicas.
651 4 _aMéxico
_xPolítica y gobierno.
_976783
901 _aBK
942 _cLIBRO
949 _a338.972 M37
_bBC
_cLIBRO
_d33724000436036
_eLIBRO
_fc.2
_h54334
_i36994
_si
_t40.00
949 _a338.972 M37
_bBC
_cLIBRO
_d33724000436044
_eLIBRO
_h54333
_i36994
_si
_t40.00
999 _c31907
_d31907